000 007230000a22001930004500
001 768714001
003 CO-MdFUSB
005 20170421110151.0
008 170421s cr ||||| |||| 00| 0 spa d
040 _aCO-MdFUSB
_bspa
_cCO-MdFUSB
_dCO-MdFUSB
041 _aspa
100 1 _aBautista, Sara
_eautor
245 1 0 _aLa iglesia pueblo de Dios alcanza a los niños para Cristo a través de un programa de recuperación escolar
300 _aVolumen 5, número 16,(2003), Páginas 10-11
_c27 cm.
546 _aTexto en español
650 1 4 _aTRABAJO SOCIAL CON NIÑOS - ESTUDIO DE CASOS
773 0 _tAlcanzando a los Niños en Riesgo
_049458
_960580
_gVolumen 5, número 16,(2003), Páginas 10-11
_qPágina 10
942 _cANA
999 _c49618
_d49618